| 000 | 01590cam a2200289 i 4500 | ||
|---|---|---|---|
| 003 | SA-RiAUC | ||
| 005 | 20241022133837.0 | ||
| 008 | 241020q19001999sy g 000r0dara c | ||
| 040 |
_aSA-RiAUC _bara _cSA-RiAUC _erda |
||
| 082 | 0 | 4 | _a258.4 |
| 090 |
_a258.4 _b ا ب ن أ |
||
| 100 | 1 |
_aابن أبي يعلى، محمد بن محمد بن الحسين، _d451-526 هجري _eمؤلف. |
|
| 245 | 1 | 0 |
_aمسائل عبد العزيز غلام الخلال التي خالف فيها الخرقي ومسائله التي خالف فيها شيخه الخلال على مذهب الإمام المبجل أحمد بن حنبل / _cمن عمل أبي الحسين محمد بن أبي يعلى ؛ تحقيق محمد زهير الشاويش. |
| 264 | 1 |
_aدمشق : _bالمكتب الإسلامي للطباعة والنشر، _c[بين 1900 و1999] |
|
| 300 |
_a83 صفحة ؛ _c24 سم |
||
| 336 |
_aنص _btxt _2rdacontent _3كتاب |
||
| 337 |
_aبدون وسيط _bn _2rdamedia |
||
| 338 |
_aمجلد _bnc _2rdacarrier |
||
| 600 | 1 | 7 |
_aالإمام ابن حنبل، أحمد محمد بن حنبل، _d164-241 هجري _2aucnm |
| 600 | 1 | 7 |
_aالخلال، أحمد بن محمد بن هارون، _dتوفي 311 هجري _2aucnm |
| 600 | 1 | 7 |
_aالخرقي، عمر بن الحسين بن عبد الله، _dتوفي 334 هجري _2aucnm |
| 650 | 7 |
_aالفقه الحنبلي _2aucsh |
|
| 650 | 7 |
_aالفقه الإسلامي _xمذاهب _2aucsh |
|
| 700 | 1 |
_aالشاويش، زهير، _d1925-2013 _eمحقق. |
|
| 942 |
_2ddc _cBOOK _n0 |
||
| 949 |
_aSA-JeALM _d241020 _umohamedma123 _n1 |
||
| 999 |
_c1594 _d1594 |
||